[Event "Women Grand Prix Jermuk"]
[Site "Jermuk ARM"]
[Date "2010.06.24"]
[EventDate "2010.06.24"]
[Round "1"]
[Result "0-1"]
[White "Yifan Hou"]
[Black "Shen Yang"]
[WhiteElo "2589"]
[BlackElo "2452"]
[PlyCount "96"]

1. e4 e5 2. Nf3 Nc6 3. Nc3 Nf6 4. Bb5 Nd4 5. Bc4 d6 6. Nxd4
exd4 7. Nd5 Nd7 8. O-O c6 9. Nf4 g6 10. a3 Bg7 11. d3 O-O
12. Bd2 Kh8 13. Ba2 a5 14. Kh1 Nc5 15. f3 Bd7 16. Qe1 a4
17. Qf2 Qb6 18. Bb4 Qc7 19. Ne2 Ne6 20. Bd2 Qb6 21. Rab1 f5
22. c3 fxe4 23. dxe4 Nc5 24. Qg1 Nb3 25. Bxb3 Qxb3 26. Nxd4
Qc4 27. Rfd1 Rae8 28. Be3 d5 29. Nc2 Be6 30. Bd4 dxe4 31. fxe4
Bxd4 32. Nxd4 Bg4 33. Re1 c5 34. Nc2 b6 35. h3 Be2 36. Ne3 Qd3
37. Nd5 Qxe4 38. Rbd1 Qc2 39. Rb1 Qb3 40. Nc7 Re7 41. Qh2 Qf7
42. Qd6 Re3 43. Kh2 g5 44. Rg1 Qf2 45. Qh6 g4 46. hxg4 Rf6
47. Qg5 Re5 48. Rgf1 Bxf1 0-1

[Event "Women Grand Prix Jermuk"]
[Site "Jermuk ARM"]
[Date "2010.06.25"]
[EventDate "2010.06.24"]
[Round "2"]
[Result "0-1"]
[White "Shen Yang"]
[Black "Antoaneta Stefanova"]
[WhiteElo "2452"]
[BlackElo "2560"]
[PlyCount "150"]

1. d4 d5 2. Nf3 c6 3. c4 e6 4. Qc2 dxc4 5. Qxc4 Nf6 6. Bg5 h6
7. Bxf6 Qxf6 8. Nbd2 Nd7 9. g3 g6 10. Bg2 Bg7 11. Qb3 e5
12. e3 O-O 13. O-O Qe7 14. Rfe1 Kh7 15. Nc4 e4 16. Nfd2 f5
17. a4 a5 18. Qa3 Qb4 19. Rec1 Qxa3 20. Rxa3 Rd8 21. f3 exf3
22. Bxf3 Bf8 23. Raa1 Bb4 24. Nb3 Ra7 25. Kf2 Nf6 26. Ne5 Be6
27. Nc5 Bd5 28. h3 Bxf3 29. Kxf3 Nd5 30. Rc2 Re8 31. g4 fxg4+
32. hxg4 Re7 33. Ne4 Ra8 34. Rh2 Kg7 35. Rah1 Rh8 36. Ke2 Ree8
37. g5 h5 38. Nf6 Re6 39. Nxd5 cxd5 40. Rf2 Rf8 41. Rc1 Rxf2+
42. Kxf2 Bd6 43. Nd3 Re4 44. Nc5 Re7 45. Nb3 Bb4 46. Kf3 Kf7
47. Rc2 Ke6 48. e4 dxe4+ 49. Kxe4 Kd6+ 50. Kd3 Rf7 51. Ke4 Rf5
52. Rg2 Rf1 53. Ke3 Kd5 54. Rc2 b6 55. Rc7 Rg1 56. Nc1 Rg3+
57. Kf2 Rxg5 58. Ne2 Bd6 59. Rc8 h4 60. Rc3 Rf5+ 61. Kg2 g5
62. Kh3 Rf2 63. Re3 Bf4 64. Re8 Bd2 65. Kg4 Rh2 66. b3 Rf2
67. Re5+ Kd6 68. Re8 Rf1 69. d5 Re1 70. Kf3 h3 71. Kg3 Bf4+
72. Kxh3 Be5 73. Re6+ Kxd5 74. Rxb6 Rxe2 75. b4 Ke4 0-1

[Event "Women Grand Prix Jermuk"]
[Site "Jermuk ARM"]
[Date "2010.06.26"]
[EventDate "2010.06.24"]
[Round "3"]
[Result "1-0"]
[White "Elina Danielian"]
[Black "Shen Yang"]
[WhiteElo "2473"]
[BlackElo "2452"]
[PlyCount "115"]

1. d4 Nf6 2. c4 e6 3. Nf3 d5 4. Nc3 dxc4 5. Qa4+ Nbd7 6. e4 a6
7. Bxc4 Rb8 8. Qc2 b5 9. Bd3 Bb7 10. e5 Nd5 11. Be4 Nxc3
12. Bxb7 Rxb7 13. Qxc3 Be7 14. O-O O-O 15. Qc6 Rb6 16. Qc2 Rb8
17. Bd2 c5 18. dxc5 Nxc5 19. Bb4 Rc8 20. Rfd1 Qb6 21. Rac1 a5
22. Bd2 h6 23. Be3 Qb8 24. Qd2 b4 25. Qd4 Kh7 26. h3 Qb7
27. Qf4 Kh8 28. b3 Qa6 29. Rc4 a4 30. Bxc5 Rxc5 31. Rdc1 axb3
32. axb3 Qa7 33. g3 Kg8 34. Rxc5 Bxc5 35. Rc2 Rd8 36. Kg2 Rd5
37. h4 Qa6 38. Qe4 Rd1 39. Nd2 Qa7 40. h5 Bf8 41. Qf3 Re1
42. Nc4 Qe7 43. Ra2 f6 44. Ra5 Rb1 45. Ra8 Re1 46. Qc6 fxe5
47. Re8 Qf7 48. Qxe6 Qxe6 49. Rxe6 e4 50. Ne5 g5 51. hxg6 Rd1
52. Ng4 Kg7 53. Ne3 Rd3 54. Nf5+ Kg8 55. Re8 Rf3 56. g4 h5
57. g7 Rxf5 58. Rxf8+ 1-0

[Event "Women Grand Prix Jermuk"]
[Site "Jermuk ARM"]
[Date "2010.06.27"]
[EventDate "2010.06.24"]
[Round "4"]
[Result "1/2-1/2"]
[White "Shen Yang"]
[Black "Pia Cramling"]
[WhiteElo "2452"]
[BlackElo "2536"]
[PlyCount "61"]

1. d4 Nf6 2. c4 e6 3. Nc3 Bb4 4. Qc2 O-O 5. a3 Bxc3+ 6. Qxc3
d5 7. Nf3 dxc4 8. Qxc4 b6 9. g3 Ba6 10. Qc2 Bb7 11. Bg2 Nbd7
12. O-O c5 13. Rd1 Be4 14. Qa4 Qc8 15. Bf4 Qb7 16. Bd6 Rfc8
17. dxc5 bxc5 18. b4 Nb6 19. Qb3 c4 20. Qe3 c3 21. Bc5 Nbd5
22. Qd4 a5 23. Ne1 Bxg2 24. Nxg2 axb4 25. axb4 c2 26. Rdc1
Rxa1 27. Qxa1 Ne4 28. Ne1 Nxc5 29. bxc5 Rxc5 30. Rxc2 Rxc2
31. Nxc2 1/2-1/2

[Event "Women Grand Prix Jermuk"]
[Site "Jermuk ARM"]
[Date "2010.06.28"]
[EventDate "2010.06.24"]
[Round "5"]
[Result "0-1"]
[White "Baira Kovanova"]
[Black "Shen Yang"]
[WhiteElo "2366"]
[BlackElo "2452"]
[PlyCount "82"]

1. e4 e6 2. d3 d5 3. Qe2 Nf6 4. Nf3 b6 5. e5 Nfd7 6. g3 c5
7. Bg2 Nc6 8. O-O Qc7 9. Re1 Ba6 10. Bf4 Be7 11. h4 b5 12. c3
c4 13. d4 b4 14. Ng5 Qa5 15. Qh5 g6 16. Qg4 h5 17. Qd1 Rb8
18. Qf3 b3 19. Na3 bxa2 20. Re2 Rb3 21. Rd2 Qb6 22. Rxa2 Nb4
23. Nxf7 Kxf7 24. Be3+ Kg7 25. cxb4 Bxb4 26. Rc2 Be7 27. Nb1
Bb7 28. Nc3 a5 29. Ne2 Rxe3 30. fxe3 Qb3 31. Nf4 Qxc2
32. Nxe6+ Kg8 33. Rxa5 Qxb2 34. Ng5 Bxg5 35. e6 Bf6 36. Rxd5
Bxd5 37. Qxd5 Qb4 38. Qxd7 Qe7 39. Qc8+ Kg7 40. Qxc4 Qd6
41. d5 Qxg3 0-1

[Event "Women Grand Prix Jermuk"]
[Site "Jermuk ARM"]
[Date "2010.06.29"]
[EventDate "2010.06.24"]
[Round "6"]
[Result "1-0"]
[White "Shen Yang"]
[Black "Martha Lorena Fierro Baquero"]
[WhiteElo "2452"]
[BlackElo "2363"]
[PlyCount "83"]

1. d4 Nf6 2. c4 g6 3. Nc3 Bg7 4. e4 d6 5. Be2 O-O 6. Nf3 e5
7. Be3 exd4 8. Nxd4 Re8 9. f3 c6 10. Bf2 Bh6 11. O-O Nbd7
12. Qc2 Nc5 13. Rad1 Qe7 14. Rfe1 Nh5 15. Bf1 a5 16. Nb3 Nxb3
17. axb3 Be6 18. Qd3 Bf4 19. g3 Qg5 20. h4 Qh6 21. gxf4 Nxf4
22. Qd2 g5 23. Bg3 f6 24. hxg5 fxg5 25. Qh2 Qf8 26. Bxf4 gxf4
27. Bh3 Kh8 28. Re2 Re7 29. Rg2 Rd8 30. Bxe6 Rxe6 31. Qh4 Rh6
32. Qf2 Rd7 33. Qd4+ Rf6 34. Rdd2 c5 35. Qd5 Re7 36. Nb5 Re5
37. Qxb7 Re7 38. Qc6 Rg7 39. Nc7 d5 40. Ne6 Rxg2+ 41. Rxg2
dxe4 42. Qd7 1-0

[Event "Women Grand Prix Jermuk"]
[Site "Jermuk ARM"]
[Date "2010.07.01"]
[EventDate "2010.06.24"]
[Round "7"]
[Result "1-0"]
[White "Tatiana Kosintseva"]
[Black "Shen Yang"]
[WhiteElo "2534"]
[BlackElo "2452"]
[PlyCount "101"]

1. e4 e6 2. d4 d5 3. Nc3 Nf6 4. e5 Nfd7 5. f4 c5 6. Nf3 Nc6
7. Be3 Qb6 8. Na4 Qa5+ 9. c3 cxd4 10. b4 Nxb4 11. cxb4 Bxb4+
12. Bd2 Bxd2+ 13. Nxd2 O-O 14. Bd3 b5 15. Nb2 Nb6 16. O-O Nc4
17. Nbxc4 bxc4 18. Bxh7+ Kxh7 19. Qh5+ Kg8 20. Nf3 g6 21. Qh6
Qc7 22. Nh4 f5 23. Nxg6 Qg7 24. Qh5 Rf7 25. Rf3 Bd7 26. Rh3
Be8 27. Qg5 d3 28. Rh6 Rb8 29. Qh5 Qxh6 30. Qxh6 Rg7 31. Qh8+
Kf7 32. Nh4 c3 33. Nf3 c2 34. Nd2 Rb2 35. Qh6 Rg6 36. Qh7+ Rg7
37. Qh6 Rg6 38. Qh3 Rxa2 39. Rc1 Ra3 40. Qe3 Rg7 41. Qc5 Ra4
42. g3 a6 43. Kf2 Bb5 44. Qc7+ Kg6 45. Qd6 Kf7 46. Qd8 Rg6
47. h4 Re4 48. Nxe4 fxe4 49. h5 e3+ 50. Kf3 Rg7 51. Qf6+ 1-0

[Event "Women Grand Prix Jermuk"]
[Site "Jermuk ARM"]
[Date "2010.07.02"]
[EventDate "2010.06.24"]
[Round "8"]
[Result "1/2-1/2"]
[White "Shen Yang"]
[Black "Maia Chiburdanidze"]
[WhiteElo "2452"]
[BlackElo "2514"]
[PlyCount "41"]

1. d4 Nf6 2. c4 e6 3. Nf3 Bb4+ 4. Bd2 Bxd2+ 5. Qxd2 d5 6. g3
Nbd7 7. Bg2 c6 8. O-O b6 9. b3 Bb7 10. Nc3 h6 11. Rac1 O-O
12. cxd5 cxd5 13. Nb5 a6 14. Nd6 Qb8 15. Nxb7 Qxb7 16. Rc2
Rfc8 17. Rfc1 Ne4 18. Qd3 a5 19. a4 Rxc2 20. Rxc2 Rc8 21. Nd2
1/2-1/2

[Event "Women Grand Prix Jermuk"]
[Site "Jermuk ARM"]
[Date "2010.07.03"]
[EventDate "2010.06.24"]
[Round "9"]
[Result "1/2-1/2"]
[White "Nana Dzagnidze"]
[Black "Shen Yang"]
[WhiteElo "2478"]
[BlackElo "2452"]
[PlyCount "66"]

1. d4 d5 2. c4 c6 3. Nf3 Nf6 4. Nc3 dxc4 5. a4 e6 6. e4 Bb4
7. Bg5 Bxc3+ 8. bxc3 Qa5 9. e5 Ne4 10. Bd2 Qd5 11. a5 c5
12. Qa4+ Bd7 13. Qxc4 Qxc4 14. Bxc4 cxd4 15. cxd4 Nxd2
16. Kxd2 Nc6 17. Rhb1 Rb8 18. Kd3 Ke7 19. Ng5 b6 20. axb6 Rxb6
21. Rxb6 axb6 22. Rb1 Rb8 23. Bb5 f6 24. exf6+ gxf6 25. Ne4 h6
26. g4 Be8 27. Ke3 Bd7 28. f3 Rb7 29. h3 Rb8 30. Kd3 Be8
31. Ke3 Bd7 32. Nc3 Kd6 33. Ne4+ Ke7 1/2-1/2

[Event "Women Grand Prix Jermuk"]
[Site "Jermuk ARM"]
[Date "2010.07.04"]
[EventDate "2010.06.24"]
[Round "10"]
[Result "1/2-1/2"]
[White "Lilit Mkrtchian"]
[Black "Shen Yang"]
[WhiteElo "2477"]
[BlackElo "2452"]
[PlyCount "85"]

1. c4 e5 2. Nc3 Nf6 3. Nf3 Nc6 4. e3 Bb4 5. Nd5 e4 6. Ng1 O-O
7. Qc2 Re8 8. Ne2 Bf8 9. a3 b6 10. Nec3 Bb7 11. Be2 Ne5
12. O-O Nxd5 13. cxd5 f5 14. d3 exd3 15. Bxd3 Nxd3 16. Qxd3
Qf6 17. b4 Bd6 18. Bb2 Qh6 19. f4 a5 20. Rf3 axb4 21. axb4
Rxa1+ 22. Bxa1 Qf6 23. Qc4 h5 24. Bb2 h4 25. Qb3 Qf7 26. Qc4
c5 27. b5 Be7 28. Qd3 d6 29. Rf2 Bf6 30. Rd2 c4 31. Qe2 Qc7
32. Kf2 Re7 33. h3 Qc5 34. Na4 Qxb5 35. Bxf6 gxf6 36. Nc3 Qb3
37. Nd1 c3 38. Qd3 Rc7 39. Qxf5 Rg7 40. Qxf6 cxd2 41. Qd8+ Kf7
42. Qd7+ Kg8 43. Qe8+ 1/2-1/2

[Event "Women Grand Prix Jermuk"]
[Site "Jermuk ARM"]
[Date "2010.07.05"]
[EventDate "2010.06.24"]
[Round "11"]
[Result "1/2-1/2"]
[White "Shen Yang"]
[Black "Yuhua Xu"]
[WhiteElo "2452"]
[BlackElo "2484"]
[PlyCount "58"]

1. e4 e6 2. d4 d5 3. Nd2 c5 4. exd5 Qxd5 5. Ngf3 cxd4 6. Bc4
Qd6 7. O-O Nf6 8. Nb3 Nc6 9. Nbxd4 Nxd4 10. Nxd4 a6 11. Re1
Qc7 12. Qe2 Bd6 13. Bg5 O-O 14. h3 Bh2+ 15. Kh1 Bf4 16. Bxf4
Qxf4 17. Qe3 Qxe3 18. Rxe3 b5 19. Bb3 Bb7 20. c3 Rfd8 21. Rd1
Rd6 22. Kh2 Rad8 23. a3 h5 24. Re5 g6 25. f4 Bd5 26. Bxd5 Nxd5
27. Kg3 Nb6 28. Kf2 Kf8 29. Rde1 Nc4 1/2-1/2

[Event "FIDE Women Grand Prix"]
[Site "Ulaanbaatar MGL"]
[Date "2010.07.31"]
[EventDate "2010.07.30"]
[Round "2"]
[Result "0-1"]
[White "Shen Yang"]
[Black "Batkhuyag Munguntuul"]
[WhiteElo "2435"]
[BlackElo "2421"]
[PlyCount "90"]

1. d4 d5 2. c4 e6 3. Nf3 Nf6 4. Nc3 c6 5. Bg5 h6 6. Bxf6 Qxf6
7. e3 Nd7 8. a3 g6 9. b4 Bg7 10. cxd5 exd5 11. Bd3 a6 12. a4
O-O 13. O-O Qd6 14. Qb3 Nf6 15. b5 axb5 16. axb5 Be6 17. bxc6
bxc6 18. Na4 Nd7 19. Qc2 Rfc8 20. Rab1 Qa3 21. Nb6 Nxb6
22. Rxb6 c5 23. dxc5 Rxc5 24. Qb1 Rac8 25. Bxg6 Rc1 26. Qd3
R8c3 27. Qa6 Qxa6 28. Rxa6 Bc8 29. Bxf7+ Kxf7 30. Ra7+ Kg8
31. h3 Rxf1+ 32. Kxf1 Bf5 33. Kg1 Rc2 34. Rb7 Be4 35. Ra7 Bc3
36. Rd7 Rb2 37. Rc7 Bb4 38. Rd7 Kf8 39. Ne5 Be1 40. Rf7+ Ke8
41. Rf4 Ba5 42. f3 Bb6 43. Nc4 Rb1+ 44. Kf2 Bc7 45. Rf6 Bd3
0-1

[Event "FIDE Women Grand Prix"]
[Site "Ulaanbaatar MGL"]
[Date "2010.08.01"]
[EventDate "2010.07.30"]
[Round "3"]
[Result "1/2-1/2"]
[White "Marie Sebag"]
[Black "Shen Yang"]
[WhiteElo "2519"]
[BlackElo "2435"]
[PlyCount "114"]

1.e4 e5 2.Nf3 Nc6 3.Bb5 Nf6 4.d3 Bc5 5.c3 d6 6.O-O Bd7 7.Nbd2
O-O 8.Ba4 a6 9.h3 Ba7 10.Re1 Ne7 11.Bc2 Ng6 12.d4 Re8 13.Nf1
h6 14.Ng3 c5 15.Be3 Qc7 16.Qd2 cxd4 17.cxd4 exd4 18.Bxd4 Ne5
19.Nxe5 dxe5 20.Bxa7 Rxa7 21.Rac1 Qb6 22.Nh5 Rd8 23.Nxf6+ Qxf6
24.Qb4 Bc6 25.Rcd1 Raa8 26.Qb6 Rac8 27.a4 Qg5 28.g3 Rd2 29.h4
Qd8 30.Qe3 Rxd1 31.Rxd1 Qa5 32.Qa3 Qc7 33.Qf3 Rd8 34.Rxd8+
Qxd8 35.Qc3 Qd6 36.b4 Kf8 37.f3 Bd7 38.Bb3 Bc6 39.Qc4 Qd7
40.Qc5+ Qe7 41.Qc3 Qd6 42.Kf2 Bd7 43.a5 Be6 44.Bxe6 Qxe6
45.Qc7 g6 46.Qxb7 Qa2+ 47.Kg1 Qa1+ 48.Kg2 Qb2+ 49.Kh3 Qa1
50.Qc8+ Kg7 51.Kg2 Qb2+ 52.Kf1 Qxb4 53.Qxa6 Qc3 54.Kg2 Qd2+
55.Kf1 Qd1+ 56.Kg2 Qd2+ 57.Kf1 Qd1+ 1/2-1/2

[Event "FIDE Women Grand Prix"]
[Site "Ulaanbaatar MGL"]
[Date "2010.08.04"]
[EventDate "2010.07.30"]
[Round "5"]
[Result "0-1"]
[White "Betul Cemre Yildiz"]
[Black "Shen Yang"]
[WhiteElo "2235"]
[BlackElo "2435"]
[PlyCount "72"]

1. e4 e6 2. d4 d5 3. Nc3 Nf6 4. Bg5 dxe4 5. Nxe4 Be7 6. Bxf6
gxf6 7. Nf3 a6 8. Qd2 b5 9. O-O-O Bb7 10. Qe3 Rg8 11. Be2 Nd7
12. Kb1 Nb6 13. Nc5 Nd5 14. Qh6 Bxc5 15. dxc5 Qe7 16. Nd4 Qxc5
17. Bh5 Qf8 18. Qxh7 Rg7 19. Qd3 Nf4 20. Qc3 Nd5 21. Qb3 O-O-O
22. Bf3 Qc5 23. h4 f5 24. c3 Rgg8 25. Rhe1 Nb6 26. Bxb7+ Kxb7
27. g3 f4 28. Rg1 e5 29. Nc2 fxg3 30. fxg3 Rxg3 31. Rgf1 Rxd1+
32. Rxd1 Nc4 33. Nb4 Rg2 34. Nd3 Qe3 35. Ka1 e4 36. Nb4 Rxb2
0-1

[Event "FIDE Women Grand Prix"]
[Site "Ulaanbaatar MGL"]
[Date "2010.08.05"]
[EventDate "2010.07.30"]
[Round "6"]
[Result "1/2-1/2"]
[White "Shen Yang"]
[Black "Tatiana Kosintseva"]
[WhiteElo "2435"]
[BlackElo "2562"]
[PlyCount "113"]

1. d4 Nf6 2. c4 e6 3. Nc3 Bb4 4. Qc2 O-O 5. a3 Bxc3+ 6. Qxc3
d5 7. Nf3 dxc4 8. Qxc4 b6 9. Bf4 Ba6 10. Qa4 Qd7 11. Qc2 Rc8
12. Rd1 Qe8 13. e4 Bxf1 14. Kxf1 c5 15. dxc5 Na6 16. c6 Rxc6
17. Qe2 Nc5 18. Ne5 Rcc8 19. f3 Qa4 20. Kf2 Ne8 21. Be3 f6
22. Nd3 Nxd3+ 23. Qxd3 Qc2+ 24. Qxc2 Rxc2+ 25. Rd2 Rac8
26. Rhd1 Nd6 27. Ke1 Rxd2 28. Rxd2 Rc6 29. a4 a6 30. Ke2 Kf7
31. b3 Ke7 32. Kd3 b5 33. Ra2 Kd7 34. Bd2 bxa4 35. Rxa4 Nb5
36. e5 fxe5 37. Rh4 h6 38. Bb4 Nd4 39. Rg4 g5 40. h4 Rb6
41. Bc5 Rxb3+ 42. Kc4 Rb2 43. Bxd4 exd4 44. hxg5 hxg5 45. Rxg5
Rd2 46. Ra5 Rxg2 47. Kxd4 Rd2+ 48. Kc4 Rd6 49. f4 Rc6+ 50. Kd4
Kc7 51. f5 Kb6 52. Re5 exf5 53. Rxf5 a5 54. Kd3 a4 55. Rf2 Kb5
56. Rc2 Rxc2 57. Kxc2 1/2-1/2

[Event "FIDE Women Grand Prix"]
[Site "Ulaanbaatar MGL"]
[Date "2010.08.06"]
[EventDate "2010.07.30"]
[Round "7"]
[Result "1/2-1/2"]
[White "Yifan Hou"]
[Black "Shen Yang"]
[WhiteElo "2577"]
[BlackElo "2435"]
[PlyCount "87"]

1. e4 e5 2. Nf3 Nc6 3. Bb5 Nf6 4. O-O Nxe4 5. d4 Nd6 6. Bxc6
dxc6 7. dxe5 Nf5 8. Qxd8+ Kxd8 9. Nc3 Bd7 10. h3 h6 11. Bf4 a5
12. Rad1 Kc8 13. a3 b6 14. Bh2 g5 15. Rd2 c5 16. Nd5 Be6
17. a4 c4 18. Rfd1 Kb7 19. g4 Ne7 20. Nxe7 Bxe7 21. Nd4 Bc5
22. Nxe6 fxe6 23. Kg2 Rhf8 24. Bg3 Rf7 25. Rh1 b5 26. axb5 Kb6
27. c3 Kxb5 28. h4 a4 29. hxg5 hxg5 30. Rh6 Re7 31. Rg6 a3
32. bxa3 Bxa3 33. Rd1 Bb2 34. Rb1 Ra2 35. Rxg5 Kc5 36. Bf4
Bxc3 37. Be3+ Kd5 38. Rd1+ Ke4 39. Rg8 Bxe5 40. Re1 Rf7
41. Ba7+ Kf4 42. Be3+ Ke4 43. Ba7+ Kf4 44. Be3+ 1/2-1/2

[Event "FIDE Women Grand Prix"]
[Site "Ulaanbaatar MGL"]
[Date "2010.08.07"]
[EventDate "2010.07.30"]
[Round "8"]
[Result "1-0"]
[White "Shen Yang"]
[Black "Zhao Xue"]
[WhiteElo "2435"]
[BlackElo "2462"]
[PlyCount "157"]

1. d4 Nf6 2. c4 e6 3. Nc3 Bb4 4. Qc2 O-O 5. a3 Bxc3+ 6. Qxc3
b6 7. Bg5 Bb7 8. f3 h6 9. Bh4 d5 10. e3 Re8 11. Nh3 Nbd7
12. cxd5 exd5 13. Bf2 c5 14. Bd3 cxd4 15. Qxd4 Nc5 16. Bc2 Ne6
17. Qd2 Ba6 18. O-O-O Qe7 19. Kb1 Rac8 20. Rhe1 Bc4 21. Nf4
Nc5 22. Ne2 Qe5 23. Nd4 Nfd7 24. h4 Qf6 25. g4 g6 26. g5 hxg5
27. hxg5 Qxg5 28. Rh1 Qe5 29. Rdg1 Nf8 30. Bh4 Ncd7 31. Nf5
Nf6 32. Bxf6 Qxf6 33. Qh2 Re5 34. Nh6+ Kg7 35. Ng4 Rh5
36. Qxh5 gxh5 37. Nxf6+ Kxf6 38. Rxh5 Ke7 39. Rf5 Ne6 40. b3
Ba6 41. Rxd5 Bb7 42. Rf5 Rh8 43. Rd1 Rh2 44. Kb2 f6 45. Kc3
Rh3 46. Rf1 Bc6 47. Bd1 Nc7 48. a4 Bd7 49. Bc2 Rh2 50. Bb1
Bxf5 51. Bxf5 Nd5+ 52. Kd3 Rb2 53. Ke4 Nc3+ 54. Kd4 Ne2+
55. Kc4 Ng3 56. Rb1 Rf2 57. Be4 Nxe4 58. fxe4 a6 59. e5 fxe5
60. Kd5 Rd2+ 61. Kxe5 a5 62. e4 Kd7 63. Kf4 Rd3 64. Kf5 Rf3+
65. Ke5 Rd3 66. Rb2 Rd1 67. Rf2 Rd3 68. Kf6 Rxb3 69. e5 b5
70. e6+ Kc6 71. e7 Re3 72. axb5+ Kd6 73. Rd2+ Kc5 74. b6 Kc6
75. Rd8 a4 76. e8=Q+ Rxe8 77. Rxe8 Kxb6 78. Re5 a3 79. Re3 1-0

[Event "FIDE Women Grand Prix"]
[Site "Ulaanbaatar MGL"]
[Date "2010.08.10"]
[EventDate "2010.07.30"]
[Round "10"]
[Result "1/2-1/2"]
[White "Shen Yang"]
[Black "Yuhua Xu"]
[WhiteElo "2435"]
[BlackElo "2488"]
[PlyCount "48"]

1. d4 Nf6 2. c4 e6 3. Nc3 Bb4 4. Qc2 O-O 5. a3 Bxc3+ 6. Qxc3
d5 7. Nf3 b6 8. Bg5 dxc4 9. Qxc4 Ba6 10. Qc3 Nbd7 11. Ne5 Nxe5
12. dxe5 Ne4 13. Bxd8 Nxc3 14. Bxc7 Rfc8 15. Bd6 Ne4 16. f3
Nxd6 17. exd6 Rc2 18. e4 Bxf1 19. Rxf1 Rxg2 20. Rc1 Rd8
21. Rf2 Rg1+ 22. Rf1 Rg2 23. Rf2 Rg1+ 24. Rf1 Rg2 1/2-1/2

[Event "FIDE Women Grand Prix"]
[Site "Ulaanbaatar MGL"]
[Date "2010.08.11"]
[EventDate "2010.07.30"]
[Round "11"]
[Result "1/2-1/2"]
[White "Maia Chiburdanidze"]
[Black "Shen Yang"]
[WhiteElo "2514"]
[BlackElo "2435"]
[PlyCount "27"]

1. d4 Nf6 2. c4 e6 3. Nf3 d5 4. g3 Be7 5. Bg2 O-O 6. O-O dxc4
7. Qc2 a6 8. Qxc4 b5 9. Qc2 Bb7 10. Bd2 Be4 11. Qc1 Bb7
12. Qc2 Be4 13. Qc1 Bb7 14. Qc2 1/2-1/2

[Event "Women's World Chess Championship"]
[Site "Antakya TUR"]
[Date "2010.12.04"]
[EventDate "2010.12.04"]
[Round "1"]
[Result "1-0"]
[White "Evgenija Ovod"]
[Black "Shen Yang"]
[WhiteElo "2387"]
[BlackElo "2461"]
[PlyCount "59"]

1. c4 e5 2. g3 Nf6 3. Bg2 c6 4. d4 e4 5. d5 Bc5 6. Nc3 Qe7
7. e3 O-O 8. g4 Qe5 9. h4 h6 10. g5 hxg5 11. hxg5 Qxg5
12. Nxe4 Bb4+ 13. Kf1 Nxe4 14. Bxe4 f5 15. Nh3 Qf6 16. Bg2 Bd6
17. f4 Be7 18. Rb1 Na6 19. b3 Qg6 20. Bf3 Nc5 21. Rb2 Ne4
22. Rg2 Qe8 23. Bxe4 fxe4 24. Bb2 Bf6 25. Bxf6 Rxf6 26. Qd4
Qh5 27. Nf2 Qf5 28. Rg5 c5 29. Qd1 d6 30. Qh5 1-0

[Event "Women's World Chess Championship"]
[Site "Antakya TUR"]
[Date "2010.12.05"]
[EventDate "2010.12.04"]
[Round "1.2"]
[Result "1/2-1/2"]
[White "Shen Yang"]
[Black "Evgenija Ovod"]
[WhiteElo "2461"]
[BlackElo "2387"]
[PlyCount "67"]

1. d4 Nf6 2. c4 e6 3. Nf3 Bb4+ 4. Nbd2 O-O 5. a3 Be7 6. e4 d5
7. Qc2 dxe4 8. Nxe4 Nxe4 9. Qxe4 c5 10. Be3 f5 11. Qc2 cxd4
12. O-O-O Nc6 13. Nxd4 Nxd4 14. Bxd4 Qc7 15. Bc3 e5 16. g4
fxg4 17. h3 Bf5 18. Qe2 Bg5+ 19. Bd2 Bxd2+ 20. Rxd2 gxh3
21. Bxh3 Rac8 22. Bxf5 Rxf5 23. Rc2 Rf4 24. c5 h6 25. Re1 b6
26. b4 Qf7 27. c6 Rf6 28. b5 Qb3 29. Qxe5 Qxa3+ 30. Kb1 Qb3+
31. Rb2 Qd3+ 32. Ka1 a6 33. c7 axb5 34. Ra2 1/2-1/2

[Event "Chinese Championship (Women)"]
[Site "Xinghua Jiangsu CHN"]
[Date "2011.03.10"]
[EventDate "2011.03.30"]
[Round "11"]
[Result "1/2-1/2"]
[White "Shen Yang"]
[Black "Ju Wenjun"]
[WhiteElo "2443"]
[BlackElo "2519"]
[PlyCount "111"]

1. d4 Nf6 2. c4 g6 3. Nc3 Bg7 4. e4 d6 5. Nf3 O-O 6. Be2 e5
7. O-O Nc6 8. d5 Ne7 9. b4 Nh5 10. g3 f5 11. Ng5 Nf6 12. f3 f4
13. b5 fxg3 14. hxg3 h6 15. Ne6 Bxe6 16. dxe6 Qc8 17. Nd5 Qxe6
18. Nxc7 Qh3 19. Rf2 Nxe4 20. Rh2 Qd7 21. fxe4 Qxc7 22. Be3
Rf6 23. Qd3 a6 24. Rc1 Raf8 25. a4 Kh7 26. Qd2 Ng8 27. Rb1 Qc8
28. bxa6 bxa6 29. Rb6 Rf3 30. Rg2 Qg4 31. Qc2 Nf6 32. Bxf3
Qxf3 33. Qe2 Qxe4 34. g4 d5 35. Rxa6 d4 36. Bd2 Qb1+ 37. Qe1
Qb7 38. Re6 e4 39. g5 hxg5 40. Bxg5 e3 41. Rxf6 Bxf6 42. Qh4+
Kg7 43. Qh6+ Kg8 44. Qxg6+ Qg7 45. Bxf6 Qxg6 46. Rxg6+ Kh7
47. Rg7+ Kh6 48. Bxd4 e2 49. Re7 Rf1+ 50. Kg2 e1=Q 51. Rxe1
Rxe1 52. Kf3 Kg6 53. a5 Rc1 54. c5 Rc4 55. Ke4 Ra4 56. c6
1/2-1/2

[Event "Chinese Championship (Women)"]
[Site "Xinghua Jiangsu CHN"]
[Date "2011.03.30"]
[EventDate "2011.03.30"]
[Round "1"]
[Result "1/2-1/2"]
[White "Shen Yang"]
[Black "Huang Qian"]
[WhiteElo "2443"]
[BlackElo "2394"]
[PlyCount "98"]

1. d4 Nf6 2. c4 g6 3. Nc3 Bg7 4. e4 d6 5. Nf3 O-O 6. Be2 e5
7. O-O Nc6 8. d5 Ne7 9. b4 a5 10. Ba3 axb4 11. Bxb4 Nd7 12. a4
f5 13. a5 Nf6 14. c5 Bh6 15. exf5 Bxf5 16. cxd6 cxd6 17. Nd2
Bxd2 18. Qxd2 Ne4 19. Nxe4 Bxe4 20. Bc4 Rf4 21. Rfc1 Nf5
22. Ra3 Bxg2 23. Kxg2 Qh4 24. Rac3 Rf8 25. f3 e4 26. Qe1 exf3+
27. Kh1 f2 28. Qe6+ Kg7 29. Bxd6 Nxd6 30. Bf1 R4f6 31. Rc7+
R8f7 32. Rxf7+ Nxf7 33. Qe3 Qb4 34. Rc5 Qe1 35. Qd3 Ne5
36. Rc7+ Kg8 37. Rc8+ Kg7 38. Rc7+ Rf7 39. Rxf7+ Kxf7 40. Qe2
Ng4 41. Qc4 Ne3 42. Qf4+ Kg7 43. Qe5+ Kh6 44. Qf4+ Kh5
45. Qe5+ Kh6 46. Qf4+ Kh5 47. Qe5+ g5 48. Qe8+ Kh6 49. Qe6+
Kg7 1/2-1/2

[Event "Chinese Championship (Women)"]
[Site "Xinghua Jiangsu CHN"]
[Date "2011.03.31"]
[EventDate "2011.03.30"]
[Round "2"]
[Result "0-1"]
[White "Ding Yixin"]
[Black "Shen Yang"]
[WhiteElo "2376"]
[BlackElo "2443"]
[PlyCount "66"]

1. e4 e5 2. Nf3 Nc6 3. Bb5 Nf6 4. d3 d6 5. h3 Bd7 6. c3 g6
7. O-O Bg7 8. Be3 O-O 9. Ba4 Qe8 10. Bc2 Kh8 11. Re1 Nh5
12. d4 f5 13. exf5 gxf5 14. dxe5 dxe5 15. Nbd2 Bf6 16. Bb3 Qg6
17. Kh1 Rad8 18. Qe2 e4 19. Ng1 Ne5 20. Bd4 Nf4 21. Qf1 Bb5
22. Ne2 Bxe2 23. Rxe2 Nxe2 24. Qxe2 Nd3 25. Bxf6+ Rxf6 26. Rg1
Qh6 27. Nc4 Rg8 28. Ne3 f4 29. Nd1 f3 30. Qxe4 Rxg2 31. Qe8+
Rf8 32. Qd7 Qg5 33. Qd4+ Ne5 0-1

[Event "Chinese Championship (Women)"]
[Site "Xinghua Jiangsu CHN"]
[Date "2011.04.01"]
[EventDate "2011.03.30"]
[Round "3"]
[Result "0-1"]
[White "Shen Yang"]
[Black "Wang Jue"]
[WhiteElo "2443"]
[BlackElo "2275"]
[PlyCount "66"]

1. d4 Nf6 2. c4 g6 3. Nc3 Bg7 4. e4 d6 5. Nf3 O-O 6. Be2 e5
7. O-O Na6 8. Re1 Qe8 9. d5 Nc5 10. Qc2 a5 11. b3 Bd7 12. Rb1
Nfxe4 13. Nb5 Qd8 14. Bb2 Bf5 15. Qc1 c6 16. dxc6 bxc6 17. Na3
Qb6 18. Rf1 Rfe8 19. Nc2 Rad8 20. Ne3 Be6 21. Nd2 f5 22. Ba3
f4 23. Nxe4 Nxe4 24. c5 Qa7 25. Nc4 d5 26. Nb6 g5 27. h3 Qf7
28. Re1 h5 29. b4 axb4 30. Rxb4 g4 31. hxg4 hxg4 32. Rxe4 dxe4
33. Bc4 g3 0-1

[Event "Chinese Championship (Women)"]
[Site "Xinghua Jiangsu CHN"]
[Date "2011.04.02"]
[EventDate "2011.03.30"]
[Round "4"]
[Result "1-0"]
[White "Gu Xiaobing"]
[Black "Shen Yang"]
[WhiteElo "2369"]
[BlackElo "2443"]
[PlyCount "109"]

1. c4 e6 2. Nc3 b6 3. e4 Bb7 4. d4 Bb4 5. Bd3 f5 6. d5 fxe4
7. Bxe4 Nf6 8. Bf3 exd5 9. cxd5 O-O 10. Ne2 a5 11. O-O Na6
12. Bf4 Qe8 13. Nb5 Ne4 14. Qd4 g5 15. Be3 Nd6 16. Nxd6 Bxd6
17. Qg4 Qe5 18. Ng3 h6 19. Qh5 Qg7 20. Rad1 Be5 21. Be4 Nc5
22. Nf5 Nxe4 23. Nxg7 Bxg7 24. Bd4 Nf6 25. Bxf6 Rxf6 26. Rfe1
Raf8 27. f3 Rd6 28. Re7 Bxb2 29. h4 gxh4 30. Qxh4 Bf6 31. Qg4+
Kh8 32. Rde1 Bxd5 33. Re8 Rg8 34. Rxg8+ Bxg8 35. Re8 Bg7
36. f4 Re6 37. Rd8 Re1+ 38. Kh2 Re7 39. Qh5 Ba1 40. Qd1 Bf6
41. a4 d6 42. Rc8 Rg7 43. Qd5 Ba1 44. Qe6 Kh7 45. Qf5+ Kh8
46. g4 Re7 47. g5 hxg5 48. fxg5 b5 49. g6 Be5+ 50. Kg2 Kg7
51. Qf8+ Kxg6 52. Qxe7 Bd5+ 53. Kh3 bxa4 54. Kg4 Bf6 55. Qe8+
1-0